[Event "7. Arber-Open Bodenmais 2018"]
[Site "Bodenmais"]
[Date "2018.07.30"]
[Round "3.43"]
[White "Heydt, Robert"]
[Black "Kolb, Wolfgang"]
[Result "1/2-1/2"]
[WhiteElo "1701"]
[BlackElo "2047"]
[PlyCount "56"]
[EventDate "2018.??.??"]
[WhiteTeam "SK HÃ¶rbranz"]
[BlackTeam "SK KÃ¶nigsbrunn"]

1. c4 c5 2. Nc3 Nc6 3. g3 g6 4. Bg2 Bg7 5. e3 e5 6. Nge2 Nge7 7. O-O O-O 8. d3
d6 9. f4 Rb8 10. Nd5 Nxd5 11. Bxd5 Bg4 12. Bf3 Bxf3 13. Rxf3 d5 14. cxd5 Qxd5
15. e4 Qd7 16. a3 Rbd8 17. Qc2 Nd4 18. Nxd4 Qxd4+ 19. Kg2 exf4 20. Bxf4 b6 21.
Rb1 Rd7 22. b3 Qc3 23. Qxc3 Bxc3 24. Kf1 f5 25. Bh6 Bg7 26. Bxg7 Kxg7 27. exf5
Rxf5 28. Rxf5 gxf5 1/2-1/2

[Event "7. Arber-Open Bodenmais 2018"]
[Site "Bodenmais"]
[Date "2018.07.30"]
[Round "3.44"]
[White "Thullen, Andre"]
[Black "Vennemann, Juergen"]
[Result "0-1"]
[WhiteElo "1570"]
[BlackElo "1887"]
[PlyCount "60"]
[EventDate "2018.??.??"]
[WhiteTeam "SV Urmitz"]
[BlackTeam "SC Hersbruck"]

1. d4 d5 2. Nf3 Nf6 3. c4 c6 4. Nc3 e6 5. Bf4 Bd6 6. Bxd6 Qxd6 7. e3 Nbd7 8.
Bd3 O-O 9. O-O Re8 10. cxd5 exd5 11. Rb1 Ne4 12. Bxe4 dxe4 13. Ng5 Qg6 14.
Ngxe4 Rxe4 15. Nxe4 Qxe4 16. Qd2 Nf6 17. Rfd1 Be6 18. b3 h5 19. f3 Qg6 20. Kh1
Rd8 21. Qa5 Rd5 22. Qxa7 Rg5 23. Rb2 h4 24. h3 Rg3 25. Kh2 Bxh3 26. Qb8+ Kh7
27. gxh3 Qf5 28. Kh1 Qxf3+ 29. Kh2 Rxh3+ 30. Kg1 Rh1# 0-1

[Event "7. Arber-Open Bodenmais 2018"]
[Site "Bodenmais"]
[Date "2018.07.30"]
[Round "3.45"]
[White "Hildebrand, Georg"]
[Black "Schreib, Marc"]
[Result "0-1"]
[WhiteElo "1462"]
[BlackElo "1857"]
[PlyCount "80"]
[EventDate "2018.??.??"]
[WhiteTeam "SK Marburg"]
[BlackTeam "SK Neuperlach"]

1. c4 Nf6 2. Nc3 c6 3. g3 d5 4. cxd5 cxd5 5. Bg2 Nc6 6. d3 h6 7. a3 a6 8. b4 e6
9. Bb2 Be7 10. Nf3 O-O 11. O-O b5 12. Rb1 Rb8 13. Re1 Bb7 14. d4 Ba8 15. Nd2
Nxd4 16. Nxd5 Nxe2+ 17. Qxe2 Nxd5 18. Rbd1 Bf6 19. Ne4 Bxb2 20. Qxb2 Qb6 21.
Nc5 Rfd8 22. Qe5 Qd6 23. Qd4 a5 24. Ne4 Qa6 25. Nc5 Qb6 26. Qg4 Nf6 27. Rxd8+
Rxd8 28. Qe2 Bxg2 29. Kxg2 axb4 30. axb4 Nd5 31. Rb1 Nc3 32. Qb2 Nxb1 33. Qxb1
Qc6+ 34. Kg1 Rd4 35. f3 Qxf3 36. Nxe6 Rd1+ 37. Qxd1 Qxd1+ 38. Kg2 fxe6 39. Kh3
Qf1+ 40. Kg4 e5 0-1

[Event "7. Arber-Open Bodenmais 2018"]
[Site "Bodenmais"]
[Date "2018.07.30"]
[Round "3.46"]
[White "Brassat, Juergen"]
[Black "Naumann, Thomas"]
[Result "1-0"]
[WhiteElo "1839"]
[BlackElo "1710"]
[PlyCount "61"]
[EventDate "2018.??.??"]
[WhiteTeam "SC Bavaria Regensburg von 1881"]
[BlackTeam "ESV Lok DÃ¶beln"]

1. d4 d5 2. c4 Nf6 3. cxd5 Nxd5 4. Nf3 b6 5. e4 Nf6 6. Nc3 Bb7 7. Bd3 e6 8. O-O
Be7 9. Qc2 h6 10. Be3 O-O 11. Rad1 Nbd7 12. d5 e5 13. h3 Nc5 14. Nxe5 Nxd3 15.
Qxd3 Qd6 16. Nf3 Qb4 17. Qc2 Rfe8 18. a3 Qa5 19. Rfe1 Rad8 20. Bd2 Qa6 21. Bf4
c5 22. d6 Bf8 23. e5 Bxf3 24. gxf3 Nd7 25. Nd5 Qb7 26. Qe4 Kh8 27. Nc7 Qxe4 28.
Rxe4 g5 29. Bg3 Bg7 30. Nxe8 Rxe8 31. Rde1 1-0

[Event "7. Arber-Open Bodenmais 2018"]
[Site "Bodenmais"]
[Date "2018.07.30"]
[Round "3.47"]
[White "Merkl, Michael"]
[Black "Schmitz, Tim"]
[Result "1/2-1/2"]
[WhiteElo "1689"]
[BlackElo "1821"]
[PlyCount "28"]
[EventDate "2018.??.??"]
[WhiteTeam "TSV KÃ¶sching"]
[BlackTeam "SC Sendling"]

1. e4 c5 2. Nf3 d6 3. d4 cxd4 4. Nxd4 Nf6 5. Nc3 a6 6. a4 e5 7. Nb3 Be6 8. Bg5
Be7 9. Bxf6 Bxf6 10. Be2 O-O 11. O-O Qc7 12. Nd5 Bxd5 13. exd5 Nd7 14. Nd2 Rac8
1/2-1/2

[Event "7. Arber-Open Bodenmais 2018"]
[Site "Bodenmais"]
[Date "2018.07.30"]
[Round "3.48"]
[White "Malditz, Dieter"]
[Black "Krawiec, Jan"]
[Result "1-0"]
[WhiteElo "1878"]
[BlackElo "1460"]
[PlyCount "83"]
[EventDate "2018.??.??"]
[WhiteTeam "SK Ludwigshafen"]
[BlackTeam "SV Unser Fritz"]

1. d4 d5 2. Nf3 Bg4 3. e3 e6 4. c4 c6 5. Nbd2 Nf6 6. Bd3 Nbd7 7. h3 Bxf3 8.
Qxf3 e5 9. dxe5 Nxe5 10. Qe2 Bb4 11. O-O O-O 12. cxd5 Qxd5 13. Bc2 Qd6 14. Ne4
Nxe4 15. Bxe4 Ba5 16. Rd1 Qf6 17. Rb1 Rad8 18. b4 Bc7 19. Bb2 Rxd1+ 20. Rxd1
Rd8 21. Rxd8+ Qxd8 22. Qc2 g6 23. f4 Nd7 24. Qc3 Kf8 25. Qh8+ Ke7 26. Qxh7 Nf6
27. Qh4 Qd6 28. Bc2 Kd7 29. Qxf6 Qxb4 30. Qxf7+ Kc8 31. Qe8+ Bd8 32. Bb3 Qe1+
33. Kh2 Qd2 34. Bf6 Qd6 35. Be6+ Kc7 36. Be5 Qxe5 37. fxe5 Bg5 38. Qd7+ Kb6 39.
Qd4+ c5 40. Qb2+ Ka6 41. Bc4+ b5 42. Qxb5# 1-0

[Event "7. Arber-Open Bodenmais 2018"]
[Site "Bodenmais"]
[Date "2018.07.30"]
[Round "3.49"]
[White "Titze, Karsten"]
[Black "Krejci, Vera Marie"]
[Result "1-0"]
[WhiteElo "1852"]
[BlackElo "1438"]
[PlyCount "121"]
[EventDate "2018.??.??"]
[WhiteTeam "vereinslos"]
[BlackTeam "SK Rothenburg"]

1. d4 e6 2. e4 d5 3. Nc3 dxe4 4. f3 exf3 5. Nxf3 Bd7 6. Bd3 Bc6 7. Be3 Nd7 8.
O-O Ngf6 9. h3 Bd6 10. Qe1 Nd5 11. Nxd5 Bxd5 12. Ng5 f5 13. c4 f4 14. Bxf4 Bxf4
15. Nxe6 Bxe6 16. Qxe6+ Qe7 17. Qxe7+ Kxe7 18. Rxf4 Rae8 19. Re4+ Kd8 20. Rxe8+
Kxe8 21. Rf1 h6 22. Bg6+ Ke7 23. Rf7+ Kd6 24. c5+ Kc6 25. Be4+ Kb5 26. Rxd7 Re8
27. Bd3+ Kc6 28. Rxg7 Rd8 29. Rg6+ Kd5 30. Rg4 b6 31. b4 a5 32. bxa5 bxa5 33.
Re4 Rb8 34. Rh4 Rb2 35. Rxh6 Kxd4 36. Rc6 Kxd3 37. Rxc7 Rc2 38. h4 Rxa2 39. h5
a4 40. h6 Re2 41. c6 a3 42. Ra7 a2 43. h7 Re1+ 44. Kh2 a1=Q 45. Rxa1 Re8 46.
Ra7 Rh8 47. Rd7+ Kc4 48. c7 Kc5 49. Rg7 Kc6 50. Kg1 Ra8 51. Rg8 Ra1+ 52. Kh2
Kxc7 53. h8=Q Ra6 54. Qh7+ Kb6 55. Rg6+ Kb5 56. Qb7+ Kc4 57. Rxa6 Kc5 58. Qd7
Kc4 59. Rc6+ Kb5 60. Qb7+ Ka5 61. Ra6# 1-0

[Event "7. Arber-Open Bodenmais 2018"]
[Site "Bodenmais"]
[Date "2018.07.30"]
[Round "3.50"]
[White "Lehmann, Nils"]
[Black "Hoffmann, Steffen"]
[Result "1-0"]
[WhiteElo "1681"]
[BlackElo "1417"]
[PlyCount "59"]
[EventDate "2018.??.??"]
[WhiteTeam "SV Lahn Limburg"]
[BlackTeam "SC NT NÃ¼rnberg"]

1. e4 c5 2. Nf3 Nf6 3. e5 Nd5 4. d4 cxd4 5. Nxd4 e6 6. c4 Nb6 7. Nc3 d5 8. exd6
Bxd6 9. Be3 Be7 10. Qc2 O-O 11. Be2 Bd7 12. O-O Nc6 13. Rad1 Rc8 14. Nxc6 Rxc6
15. b3 Bc5 16. Bf3 Rc8 17. Bxb7 Rc7 18. Bxc5 Rxc5 19. Bf3 Qc7 20. Rd3 Rg5 21.
Rfd1 Bc6 22. Bxc6 Qxc6 23. Rg3 Rf5 24. Qd2 Qc5 25. Qd4 Qxd4 26. Rxd4 Re5 27.
Kf1 Nc8 28. Rgd3 Ne7 29. Rd7 Nf5 30. Rxa7 1-0

[Event "7. Arber-Open Bodenmais 2018"]
[Site "Bodenmais"]
[Date "2018.07.30"]
[Round "3.51"]
[White "Karayilan, Nilufer"]
[Black "Bartels, Christian"]
[Result "0-1"]
[WhiteElo "1326"]
[BlackElo "1614"]
[PlyCount "82"]
[EventDate "2018.??.??"]
[WhiteTeam "SV Doorn Driebergen"]
[BlackTeam "Niederlande"]
[BlackTeamCountry "NED"]

1. d4 Nf6 2. c4 d6 3. Nf3 g6 4. Nc3 Bg7 5. e4 Bg4 6. Qd3 Bxf3 7. Qxf3 Nc6 8.
Be3 O-O 9. a3 a5 10. Bd3 Qd7 11. h3 Ne8 12. Nb5 e5 13. d5 Nd4 14. Nxd4 exd4 15.
Bd2 c6 16. O-O b5 17. dxc6 Qxc6 18. cxb5 Qd7 19. b4 a4 20. Rac1 Qb7 21. Rc6 Rc8
22. Rfc1 Nf6 23. Qd1 d5 24. exd5 Nxd5 25. Rxc8 Rxc8 26. Rxc8+ Qxc8 27. Qxa4 Nc3
28. Qa5 Qe6 29. b6 Be5 30. f4 Bd6 31. f5 Qa2 32. Be1 Qa1 33. Kf1 Bg3 34. Qa8+
Kg7 35. Qe8 Qd1 36. Bc4 Kh6 37. fxg6 hxg6 38. Bxf7 Qd3+ 39. Kg1 Ne2+ 40. Kh1
Nf4 41. Bxg3 Qf1+ 0-1

[Event "7. Arber-Open Bodenmais 2018"]
[Site "Bodenmais"]
[Date "2018.07.30"]
[Round "3.52"]
[White "Schreiber, Egwin"]
[Black "Stowicek, Lars"]
[Result "1-0"]
[WhiteElo "1586"]
[BlackElo "1275"]
[PlyCount "69"]
[EventDate "2018.??.??"]
[WhiteTeam "SV Deggendorf"]
[BlackTeam "USV Halle"]

1. e4 e5 2. Nf3 Nc6 3. Bb5 a6 4. Bxc6 dxc6 5. O-O Bg4 6. h3 h5 7. d3 Bd6 8. Be3
Qf6 9. Nbd2 Bxf3 10. Nxf3 Ne7 11. c4 c5 12. b4 Ng6 13. bxc5 Be7 14. Qa4+ Kd8
15. Rab1 Kc8 16. Rb2 Nf4 17. Bxf4 exf4 18. Rfb1 Rb8 19. c6 Bc5 20. Qxa6 Bb6 21.
cxb7+ Kd7 22. c5 Bxc5 23. Qxf6 gxf6 24. a4 Rhe8 25. Rb5 Ba7 26. Rxh5 Kc6 27.
Rhb5 Bb6 28. a5 Ba7 29. R5b4 Red8 30. Rc1+ Kd7 31. d4 Kd6 32. d5 Bc5 33. Rb5
Ba7 34. Rc6+ Ke7 35. Rxc7+ 1-0

[Event "7. Arber-Open Bodenmais 2018"]
[Site "Bodenmais"]
[Date "2018.07.30"]
[Round "3.53"]
[White "Goerl, Peter"]
[Black "Steppuhn, Simone"]
[Result "0-1"]
[WhiteElo "1315"]
[BlackElo "1570"]
[PlyCount "70"]
[EventDate "2018.??.??"]
[WhiteTeam "SC Gardez-Viechtach"]
[BlackTeam "BrÃ¼hler SK"]

1. d4 d5 2. Nf3 Nf6 3. e3 c5 4. c4 Bg4 5. Nbd2 e6 6. h3 Bh5 7. Be2 Be7 8. cxd5
exd5 9. Ne5 Bxe2 10. Qxe2 O-O 11. O-O Nbd7 12. Nxd7 Qxd7 13. Nf3 Ne4 14. b3
Rac8 15. dxc5 Rxc5 16. Bb2 Rfc8 17. Rac1 Rxc1 18. Rxc1 Rxc1+ 19. Bxc1 h6 20.
Bb2 a6 21. Qd3 Qd6 22. Nd4 Qd7 23. Qe2 Bf6 24. Nf3 Qd6 25. Bd4 Qc6 26. Qb2 Bxd4
27. Nxd4 Qc3 28. Qc2 Qe1+ 29. Kh2 Qxf2 30. Qc8+ Kh7 31. Qf5+ g6 32. Qxd5 Qg3+
33. Kh1 Nf2+ 34. Kg1 Nxh3+ 35. Kf1 Qf2# 0-1

[Event "7. Arber-Open Bodenmais 2018"]
[Site "Bodenmais"]
[Date "2018.07.30"]
[Round "3.54"]
[White "Gaedt, Mario"]
[Black "Rempe, Lennik"]
[Result "1-0"]
[WhiteElo "1506"]
[BlackElo "1143"]
[PlyCount "67"]
[EventDate "2018.??.??"]
[WhiteTeam "SV Bergen"]
[BlackTeam "SK Doppelbauer Kiel"]

1. d4 d5 2. Nf3 Nc6 3. c4 Nf6 4. Bg5 Bg4 5. Bxf6 exf6 6. e3 Bb4+ 7. Nc3 O-O 8.
a3 Be7 9. Nxd5 Re8 10. Be2 f5 11. O-O Bg5 12. Nxg5 Qxg5 13. Bxg4 fxg4 14. Nxc7
Rad8 15. Nxe8 Rxe8 16. b4 Ne7 17. Qa4 Kf8 18. Qxa7 Nf5 19. Qc5+ Kg8 20. Qb5 Kf8
21. Rfe1 g3 22. hxg3 Qh5 23. e4 Re6 24. Qxf5 Qxf5 25. exf5 Rxe1+ 26. Rxe1 h5
27. d5 g5 28. d6 h4 29. gxh4 gxh4 30. d7 Kg7 31. d8=Q Kh6 32. Re8 Kh5 33. Rh8+
Kg4 34. Qxh4+ 1-0

[Event "7. Arber-Open Bodenmais 2018"]
[Site "Bodenmais"]
[Date "2018.07.30"]
[Round "3.55"]
[White "Schloegl, Andreas"]
[Black "Wudi, Tobias"]
[Result "0-1"]
[WhiteElo "1204"]
[BlackElo "1491"]
[PlyCount "84"]
[EventDate "2018.??.??"]
[WhiteTeam "SC Beilngries"]
[BlackTeam "SC Bayerwald"]

1. e4 e5 2. Nf3 Nc6 3. Nc3 Nf6 4. a3 Bc5 5. Nxe5 Bxf2+ 6. Kxf2 Nxe5 7. Be2 O-O
8. d3 h6 9. Be3 d5 10. h3 d4 11. Bf4 Nc6 12. Nb5 Ne8 13. Qd2 a6 14. Bxh6 Qf6+
15. Qf4 Qxf4+ 16. Bxf4 axb5 17. b3 Be6 18. Rh2 Nb4 19. Bg4 Nxc2 20. Rah1 Rxa3
21. Bxe6 fxe6 22. Kg3 Rxb3 23. Rd1 b4 24. h4 Ra3 25. h5 Rf7 26. h6 g6 27. Rc1
Rxd3+ 28. Kg4 b3 29. Be5 b2 30. Rb1 Rb3 31. Bg7 Nf6+ 32. Bxf6 Rxf6 33. Kg5 Rf7
34. Kxg6 Rg3+ 35. Kh5 Kh7 36. Rxb2 d3 37. Kh4 Rg8 38. g4 Rf4 39. Rg2 b6 40. Kh5
Rxe4 41. g5 Re5 42. Rg1 Rd5 0-1

[Event "7. Arber-Open Bodenmais 2018"]
[Site "Bodenmais"]
[Date "2018.07.30"]
[Round "3.56"]
[White "Tiggemann, Felix"]
[Black "Nusser, Hans-Karl"]
[Result "1-0"]
[WhiteElo "1490"]
[BlackElo "1743"]
[PlyCount "83"]
[EventDate "2018.??.??"]
[WhiteTeam "SF SchÃ¶neck"]
[BlackTeam "MÃ¼nchener SC"]

1. e4 c5 2. Nf3 d6 3. d4 cxd4 4. Nxd4 Nf6 5. f3 g6 6. c4 Bg7 7. Be3 O-O 8. Nc3
Nc6 9. Be2 Bd7 10. O-O Rc8 11. Qd2 Ne5 12. b3 Qa5 13. Rac1 Rfd8 14. Rfd1 Nc6
15. Nd5 Nxd5 16. Qxa5 Nxa5 17. cxd5 Bxd4 18. Bxd4 b5 19. Bxa7 Nb7 20. Be3 Kf8
21. b4 e6 22. dxe6 fxe6 23. Bh6+ Kf7 24. Bf4 e5 25. Be3 Ke6 26. Ra1 Rc2 27. Bf1
Rdc8 28. Rd5 Bc6 29. Rdd1 Bd7 30. a3 Nd8 31. Rd3 Nf7 32. Rad1 g5 33. g3 Ke7 34.
f4 Bg4 35. R1d2 Rc1 36. fxg5 Bf3 37. Rf2 Bxe4 38. Bxc1 Bxd3 39. Bxd3 Rxc1+ 40.
Kg2 Rc3 41. Bxb5 Rxa3 42. h4 1-0

[Event "7. Arber-Open Bodenmais 2018"]
[Site "Bodenmais"]
[Date "2018.07.30"]
[Round "3.57"]
[White "Karner, Carl-Philipp"]
[Black "Hedzic, Omer"]
[Result "1-0"]
[WhiteElo "1555"]
[BlackElo "1470"]
[PlyCount "79"]
[EventDate "2018.??.??"]
[WhiteTeam "ASV Burglengenfeld"]
[BlackTeam "SC Bayerwald"]

1. e4 b6 2. d4 e6 3. Nf3 Bb7 4. Bd3 g6 5. O-O Bg7 6. c3 Ne7 7. Bg5 O-O 8. Nbd2
d5 9. e5 Qd7 10. a4 Nbc6 11. b4 a6 12. Qb3 Rac8 13. a5 b5 14. Qb2 h6 15. Bh4 g5
16. Bg3 f5 17. exf6 Rxf6 18. Nb3 Rcf8 19. Nc5 Qc8 20. Rae1 Nd8 21. Ne5 Bc6 22.
Qc2 Nf5 23. f4 Nxg3 24. hxg3 gxf4 25. Bh7+ Kh8 26. Ng6+ Rxg6 27. Bxg6 Rf6 28.
gxf4 Kg8 29. f5 Bd7 30. fxe6 Bxe6 31. Rxf6 Bxf6 32. Bh7+ Kh8 33. Qg6 Bf7 34.
Qxf6+ Kxh7 35. Re7 Kg8 36. Qxh6 Qg4 37. Re5 Bg6 38. Rg5 Qd1+ 39. Kh2 Nf7 40.
Rxg6# 1-0

[Event "7. Arber-Open Bodenmais 2018"]
[Site "Bodenmais"]
[Date "2018.07.31"]
[Round "4.1"]
[White "Prusikin, Michael"]
[Black "Meijers, Viesturs"]
[Result "0-1"]
[WhiteElo "2516"]
[BlackElo "2458"]
[PlyCount "68"]
[EventDate "2018.??.??"]
[WhiteTeam "BCA Augsburg"]
[BlackTeam "ESV NickelhÃ¼tte Aue"]

1. Nf3 Nf6 2. c4 e6 3. Nc3 d5 4. d4 Be7 5. Bf4 O-O 6. e3 b6 7. Bd3 Bb7 8. cxd5
exd5 9. O-O c5 10. Ne5 Nc6 11. dxc5 bxc5 12. Qf3 Qb6 13. Nd7 Nxd7 14. Qh3 g6
15. Nxd5 Qd8 16. Rad1 Nf6 17. Nc7 Qc8 18. Nxa8 Qxh3 19. gxh3 Rxa8 20. Be2 Nd8
21. Bd6 Kf8 22. Bxe7+ Kxe7 23. Rc1 Ne6 24. Rfd1 Rc8 25. Bf1 Ne4 26. Rc4 Rc7 27.
b3 f5 28. h4 h6 29. Rc2 Rc8 30. Bc4 g5 31. hxg5 hxg5 32. f3 Nf6 33. Rf2 g4 34.
Be2 Ng5 0-1

[Event "7. Arber-Open Bodenmais 2018"]
[Site "Bodenmais"]
[Date "2018.07.31"]
[Round "4.2"]
[White "Hausner, Ivan"]
[Black "Pap, Misa"]
[Result "0-1"]
[WhiteElo "2321"]
[BlackElo "2473"]
[PlyCount "92"]
[EventDate "2018.??.??"]
[WhiteTeam "SC Bayerwald"]
[BlackTeam "SF Augsburg"]

1. c4 e5 2. Nc3 Nc6 3. g3 g6 4. Bg2 Bg7 5. d3 d6 6. Rb1 f5 7. e3 Nf6 8. Nge2
O-O 9. O-O g5 10. f4 gxf4 11. exf4 Kh8 12. Kh1 Qe8 13. Nd5 Nxd5 14. cxd5 Ne7
15. Re1 Qf7 16. Nc3 Bd7 17. Qb3 Rfb8 18. Qc4 Rc8 19. fxe5 dxe5 20. d6 Be6 21.
Qa4 Nd5 22. dxc7 Rxc7 23. Bd2 a6 24. Rbc1 Rd7 25. Nd1 Ne7 26. Bc3 Ng6 27. b3
Rxd3 28. Nf2 Rd7 29. Qa3 Bd5 30. Bxd5 Qxd5+ 31. Kg1 Rad8 32. Ba5 Re8 33. Red1
Qf7 34. Rxd7 Qxd7 35. Rc7 Qd5 36. Qb4 b5 37. Qc3 Qe6 38. Rc6 Qg8 39. Qc5 e4 40.
Rxa6 Ne5 41. Kg2 Rc8 42. Bc7 Qe8 43. Rb6 e3 44. Qxb5 Nd7 45. Rb7 exf2 46. Qxf5
Qe2 0-1

[Event "7. Arber-Open Bodenmais 2018"]
[Site "Bodenmais"]
[Date "2018.07.31"]
[Round "4.3"]
[White "Milov, Leonid"]
[Black "Miesbauer, Jan"]
[Result "1/2-1/2"]
[WhiteElo "2469"]
[BlackElo "2282"]
[PlyCount "116"]
[EventDate "2018.??.??"]
[WhiteTeam "SC NT NÃ¼rnberg"]
[BlackTeam "SC Bayerwald"]

1. e4 e5 2. Nf3 Nc6 3. Bb5 a6 4. Ba4 Nf6 5. O-O Be7 6. Re1 b5 7. Bb3 d6 8. c3
O-O 9. d4 Bg4 10. d5 Na5 11. Bc2 c6 12. dxc6 Qc7 13. Nbd2 Qxc6 14. Nf1 Nc4 15.
Ng3 Rfe8 16. a4 h6 17. h3 Be6 18. Nh4 d5 19. Qf3 dxe4 20. Nxe4 Bd5 21. Nf5 Nxe4
22. Bxe4 Bxe4 23. Rxe4 Bg5 24. axb5 axb5 25. Rxa8 Qxa8 26. b3 Bxc1 27. bxc4
bxc4 28. Nd6 Rf8 29. Nxc4 Bf4 30. Re1 Qxf3 31. gxf3 Rc8 32. Nxe5 Rxc3 33. Kg2
h5 34. Re4 g5 35. Nd7 Kg7 36. Nb6 Rc5 37. Rd4 h4 38. Nd5 Be5 39. Rd2 Rb5 40.
Ne3 Bf4 41. Rc2 Re5 42. Rc3 Rb5 43. Rc2 Kf6 44. Rc6+ Ke7 45. Rc2 Kd6 46. Rd2+
Ke6 47. Ra2 f5 48. Ra4 Rc5 49. Ra6+ Ke5 50. Ra8 Ke6 51. Ra6+ Bd6 52. Ra4 Bf4
53. Ra6+ Kd7 54. Ra7+ Kc6 55. Ra6+ Kb5 56. Re6 Kb4 57. Re8 Kc3 58. Kf1 Kd3
1/2-1/2

[Event "7. Arber-Open Bodenmais 2018"]
[Site "Bodenmais"]
[Date "2018.07.31"]
[Round "4.4"]
[White "Sergeev, Vladimir"]
[Black "Zepke, Armin"]
[Result "1-0"]
[WhiteElo "2410"]
[BlackElo "2130"]
[PlyCount "63"]
[EventDate "2018.??.??"]
[WhiteTeam "SK Bregenz"]
[BlackTeam "SC Bayerwald"]

1. e4 e5 2. Bc4 Nf6 3. d3 c6 4. Nf3 d6 5. a4 Be7 6. O-O O-O 7. Re1 Qc7 8. h3
Nbd7 9. Nc3 a5 10. Ba2 Nc5 11. d4 exd4 12. Nxd4 Be6 13. Bf4 Bxa2 14. Rxa2 Ne6
15. Nxe6 fxe6 16. e5 Nd5 17. exd6 Bxd6 18. Bxd6 Qxd6 19. Ne4 Qb4 20. c3 Qb6 21.
Qc2 h6 22. Raa1 Rad8 23. Rad1 Nf4 24. Rd2 c5 25. b3 Qc6 26. Red1 Rxd2 27. Rxd2
c4 28. bxc4 Qxc4 29. Kh2 Rc8 30. g3 Nd5 31. Nd6 Qxc3 32. Nxc8 1-0

[Event "7. Arber-Open Bodenmais 2018"]
[Site "Bodenmais"]
[Date "2018.07.31"]
[Round "4.5"]
[White "Wacker, Felix"]
[Black "Melamed, Tatjana"]
[Result "0-1"]
[WhiteElo "1956"]
[BlackElo "2386"]
[PlyCount "80"]
[EventDate "2018.??.??"]
[WhiteTeam "SC Lambsheim"]
[BlackTeam "AE Magdeburg"]

1. e4 c5 2. Nf3 e6 3. d4 cxd4 4. Nxd4 Nc6 5. Be3 Nf6 6. Bd3 d5 7. exd5 Nxd5 8.
Nxc6 Nxe3 9. Nxd8 Nxd1 10. Nxf7 Nxf2 11. Nxh8 Nxh1 12. Bxh7 Bd6 13. g3 Bd7 14.
Be4 Bc6 15. Bxc6+ bxc6 16. Nd2 Ke7 17. Ng6+ Kf7 18. Nf4 Rh8 19. Nf1 e5 20. Nd3
Ke6 21. Rd1 e4 22. Nf4+ Bxf4 23. gxf4 Rf8 24. Ng3 Nxg3 25. hxg3 Rh8 26. Rd2 Kf5
27. Rg2 e3 28. g4+ Kxf4 29. Rg1 Rh2 30. Rf1+ Kxg4 31. Rf7 g5 32. Rxa7 Rxc2 33.
Re7 Kf3 34. Rf7+ Kg2 35. Rg7 g4 36. a4 Rxb2 37. Re7 Ra2 38. Rxe3 Rxa4 39. Rc3
Re4+ 40. Kd2 Re6 0-1

[Event "7. Arber-Open Bodenmais 2018"]
[Site "Bodenmais"]
[Date "2018.07.31"]
[Round "4.6"]
[White "Wuest, Hans-Heiner"]
[Black "Meertens, Martin"]
[Result "0-1"]
[WhiteElo "2026"]
[BlackElo "2146"]
[PlyCount "62"]
[EventDate "2018.??.??"]
[WhiteTeam "SV Walldorf"]
[BlackTeam "Klub KÃ¶lner SF"]

1. Nf3 d5 2. g3 Nf6 3. Bg2 c6 4. d4 Bf5 5. Nbd2 e6 6. O-O Nbd7 7. b3 h6 8. Bb2
Be7 9. Re1 O-O 10. a3 b5 11. Ne5 Rc8 12. e4 dxe4 13. Nxd7 Qxd7 14. Nxe4 Nxe4
15. Bxe4 Bxe4 16. Rxe4 Rfd8 17. Qe2 a6 18. c4 Bf6 19. Rd1 Rb8 20. Rc1 bxc4 21.
Qxc4 c5 22. b4 cxb4 23. axb4 a5 24. Bc3 Rdc8 25. Qd3 axb4 26. Bb2 Rxc1+ 27.
Bxc1 b3 28. Bb2 Qd5 29. Re3 g6 30. h4 Rb4 31. Ba3 Rxd4 0-1

[Event "7. Arber-Open Bodenmais 2018"]
[Site "Bodenmais"]
[Date "2018.07.31"]
[Round "4.7"]
[White "Lorenc, Tomas"]
[Black "Godoj, Veit"]
[Result "1/2-1/2"]
[WhiteElo "2208"]
[BlackElo "2017"]
[PlyCount "116"]
[EventDate "2018.??.??"]
[WhiteTeam "SC Waldsassen"]
[BlackTeam "KÃ¶nigsjÃ¤ger SW Berlin"]

1. c4 e5 2. g3 Nc6 3. Bg2 Nf6 4. Nc3 Bb4 5. Nf3 O-O 6. O-O Bxc3 7. bxc3 d6 8.
a4 e4 9. Nd4 Ne5 10. d3 c5 11. Nb3 Bf5 12. Bf4 Rc8 13. Nxc5 Rxc5 14. d4 Ra5 15.
dxe5 dxe5 16. Qxd8 Rxd8 17. Bg5 h6 18. Bxf6 gxf6 19. f4 exf3 20. Rxf3 Be4 21.
Rxf6 Bxg2 22. Kxg2 Kg7 23. Rf5 f6 24. Rf3 Rc8 25. Rb1 b6 26. Rb4 Rac5 27. Rd3
Rxc4 28. Rd7+ Kg6 29. Rxa7 R8c6 30. Rxc4 Rxc4 31. Ra6 Rxc3 32. Rxb6 Rc2 33. Kf2
Ra2 34. Ra6 h5 35. h4 Ra3 36. a5 Kf5 37. Ra8 Kg6 38. a6 Kg7 39. a7 Ra4 40. e4
Ra3 41. Ke2 Ra1 42. Kd3 Ra4 43. Kc3 Ra1 44. Kc4 Ra2 45. Kd5 Ra6 46. Kc5 Ra5+
47. Kd6 Ra6+ 48. Ke7 Ra1 49. Ke6 Ra6+ 50. Kf5 Ra4 51. Ke6 Ra6+ 52. Kd5 Ra5+ 53.
Kc4 Ra4+ 54. Kd3 Ra3+ 55. Ke2 Ra2+ 56. Kf3 Ra3+ 57. Kg2 Ra2+ 58. Kh3 Ra5
1/2-1/2

[Event "7. Arber-Open Bodenmais 2018"]
[Site "Bodenmais"]
[Date "2018.07.31"]
[Round "4.8"]
[White "Villani, Cristian"]
[Black "Schelle, Artur"]
[Result "1/2-1/2"]
[WhiteElo "2010"]
[BlackElo "2206"]
[PlyCount "123"]
[EventDate "2018.??.??"]
[WhiteTeam "SK Durlach"]
[BlackTeam "SC Tarr MÃ¼nchen"]

1. Nf3 g6 2. e4 Bg7 3. d4 d6 4. Nc3 Nf6 5. Be2 O-O 6. O-O c6 7. a4 Qc7 8. h3
Nbd7 9. Be3 Re8 10. Qd2 e5 11. dxe5 dxe5 12. Bc4 Nf8 13. Ng5 Be6 14. Nxe6 Nxe6
15. Bxe6 Rxe6 16. Rfd1 Re7 17. Qe2 Rd7 18. Rxd7 Nxd7 19. Rd1 Nf8 20. Qd3 Bf6
21. Qd6 Qxd6 22. Rxd6 Be7 23. Rd1 b6 24. Bh6 Rd8 25. Bxf8 Kxf8 26. Kf1 Ke8 27.
Rxd8+ Bxd8 28. Ke2 a6 29. Na2 Be7 30. b4 b5 31. axb5 axb5 32. c3 Kd7 33. Nc1
Bd8 34. Nd3 Kd6 35. g3 h5 36. f4 Bf6 37. Kd2 h4 38. fxe5+ Bxe5 39. g4 Bf6 40.
Kc2 Be7 41. Kb3 Bg5 42. c4 Be3 43. cxb5 cxb5 44. Kc2 Ke6 45. Kd1 f5 46. gxf5+
gxf5 47. exf5+ Kxf5 48. Ke2 Ke4 49. Ne5 Bb6 50. Ng6 Bd8 51. Nf8 Bf6 52. Ne6 Be5
53. Nd8 Bc7 54. Nc6 Bb6 55. Ne7 Bd4 56. Nc8 Kf4 57. Nd6 Be5 58. Nxb5 Kg3 59.
Kf1 Kh2 60. Na3 Bd4 61. Nc2 Ba7 62. Ne1 1/2-1/2

[Event "7. Arber-Open Bodenmais 2018"]
[Site "Bodenmais"]
[Date "2018.07.31"]
[Round "4.9"]
[White "Schroeder, Wilfried"]
[Black "Huber, Florian"]
[Result "1/2-1/2"]
[WhiteElo "2199"]
[BlackElo "2007"]
[PlyCount "90"]
[EventDate "2018.??.??"]
[WhiteTeam "SV Wattenscheid"]
[BlackTeam "SK Landau-Dingolfing"]

1. Nf3 Nf6 2. g3 d5 3. d4 g6 4. Bg2 Bg7 5. O-O O-O 6. c4 c6 7. cxd5 cxd5 8. Ne5
Nbd7 9. Nc3 e6 10. f4 a6 11. Be3 b5 12. Qd2 Bb7 13. Rac1 Nb6 14. b3 Ne4 15.
Nxe4 dxe4 16. Rc5 f6 17. Nc6 Qd7 18. Bxe4 Rfc8 19. Rfc1 Bf8 20. R5c3 Ba3 21. d5
Bxc1 22. Qxc1 Nxd5 23. Bxd5 exd5 24. Nd4 b4 25. Rxc8+ Rxc8 26. Qd2 Rc3 27. f5
gxf5 28. Bh6 Kf7 29. Qf4 Bc8 30. Qh4 Qe7 31. Bd2 Kg7 32. Qh6+ Kg8 33. Bxc3 bxc3
34. Qc1 Qc5 35. e3 a5 36. Ne2 c2 37. Nd4 Qc3 38. Kf2 Ba6 39. Qxc2 Qa1 40. Kf3
Qf1+ 41. Qf2 Qh1+ 42. Qg2 Qd1+ 43. Kf2 Qd2+ 44. Kf3 Qd1+ 45. Kf2 Qd2+ 1/2-1/2

[Event "7. Arber-Open Bodenmais 2018"]
[Site "Bodenmais"]
[Date "2018.07.31"]
[Round "4.10"]
[White "Tong, Kevin"]
[Black "Fehrmann, Gregor"]
[Result "1-0"]
[WhiteElo "2180"]
[BlackElo "1989"]
[PlyCount "55"]
[EventDate "2018.??.??"]
[WhiteTeam "SC Erlangen"]
[BlackTeam "SK BruckmÃ¼hl"]

1. e4 c5 2. Nf3 d6 3. d4 cxd4 4. Nxd4 Nf6 5. Nc3 g6 6. Be3 Bg7 7. f3 a6 8. Qd2
h6 9. a4 Nc6 10. Be2 Nxd4 11. Bxd4 Bd7 12. Nd5 O-O 13. Bb6 Qe8 14. Nc7 Qc8 15.
Nxa8 Qxa8 16. O-O Bc6 17. Bd4 Kh7 18. Rfd1 e5 19. Bc3 d5 20. Bxe5 dxe4 21. Qc3
exf3 22. Bxf3 Ne4 23. Bxe4 Bxe5 24. Qxe5 Re8 25. Qf6 Bxe4 26. Qxf7+ Kh8 27. Rd7
Qa7+ 28. Kh1 1-0